000 00530nmm a2200169Ia 4500
008 251105s9999||||xx |||||||||||||||||und||
020 _a9786078831470
041 _aspa
100 _aMora Pérez Arce, Rodrigo de la (coord.)
245 0 _aMariachi :
_b Práctica musical y construcción de comunidad
264 _a[México D.C., Mexico] :
_bEl Colegio de Jalisco,
_c2023
300 _a225 páginas
490 _aTemas de Estudio
650 _aMusic
856 _uhttps://public.digitaliapublishing.com/a/172257
942 _cCF
999 _c75925
_d75925